000
00315nam a2200145Ia 4500
100
_a
Shankar/ Asha G
490
_v
1
942
_c
BK
654
_a
numerical
245
_a
Numerical Integration Diff Equations
260
_b
Deep & Deep
_c
1994
082
_a
515.625
_b
SHA
300
_a
181
546
_a
ENGLISH
999
_c
22536
_d
22536